000 004570000a22001810004500
001 old001644
003 AR-NuBCU
008 070307s1973||||########|####|0||0||Es#u
082 _a35.082.4 M 538
100 1 _aMéndez, Aparicio
245 _aLa Jerarquía
260 _aMontevideo :
_bEdiciones jurídicas,
_c1973
300 _a168 p.
_b24 cm
500 _aINVENTARIO N° 002152
653 _aJERARQUIA
653 _aRELACION JERARQUICA
942 _2ddc
_cBK
999 _c1637
_d1637